| 000 | 02017nam a2200361 c 4500 | ||
|---|---|---|---|
| 003 | BLK | ||
| 005 | 20241218113804.0 | ||
| 008 | 180408b bul|||||r ||||||| ||bul|| | ||
| 010 | _aKNG00081556000 | ||
| 020 |
_a954-07-2312-4 _bиздат.: Унив. изд. Св. Климент Охридски |
||
| 040 | _aBLK | ||
| 041 |
_aBUL _cBUL |
||
| 080 |
_aБългарска литература _b821.163.2 _x.09 _z821.163.2.09 |
||
| 700 |
_aЙорданов, Александър _d1952 - _gБълг. политик, дипломат, литературен историк и критик, народен представител, председател на Народното събрание, евродепутат. _qАлександров, Александър Йорданов _9363706 |
||
| 100 | 1 |
_aАлександров, Александър Йорданов _eпърви автор _9371975 |
|
| 139 |
_aЙорданов, Александър _bИ 83 |
||
| 245 | 1 | 0 |
_aЗавръщане _bКонфликти ; В кръга на модерното ; В лабиринта на лявото ; Полемики _c* Александър Йорданов; Александър Йорданов Александров. |
| 257 | _aBGR | ||
| 260 |
_аСофия _bУнив. изд. Св. Климент Охридски _c2006 |
||
| 300 |
_a452 с. _c21 см |
||
| 380 | _a82 | ||
| 500 | _aПълното име на авт. е Александър Йорданов Александров. - Съдържа и Бележки. | ||
| 650 | 4 |
_aБългарска литература - теми, образи, сюжети _9242409 |
|
| 650 | 4 |
_aЛитературна критика, българска _9241943 |
|
| 653 | _aмодернизъм | ||
| 653 | _aлитературна критика | ||
| 852 | _aЦб 238446 | ||
| 856 | 4 |
_qpdf _u |
|
| 856 | 4 |
_qpdf _u |
|
| 942 |
_cKNG _n0 |
||
| 944 |
_aCR _c19.02.2008 _lСевдалина Тодорова _k30540 |
||
| 944 |
_aED _c20.01.2012 _lф / _k |
||
| 999 |
_c77116 _d77116 |
||